000 00732cam a2200193 4500
001 X118442
008 020618n2002 000 0 eng u
035 _a(Sirsi) u118442
245 _aRugby Football Union v SoS for Local Government and the Regions
260 _c2002
490 _aJournal of Planning and Environment Law
_v{2002] JPL 741-751(11)
520 _aQBD 25 October 2001.
650 _aRUGBY FOOTBALL UNION V SOS LOCAL GOVERNMENT TRANSPORT AND THE REGIONS
650 _aFOOTBALL STADIUM
650 _aTOWN AND COUNTRY PLANNING (USE CLASSES) ORDER 1987
650 _aCERTIFICATES OF LAWFULNESS OF PROPOSED USE OR DEVELOPMENT
690 _aENVIRONMENTAL AND LAND CONSULTANCY-PLANNING AND DEVELOPMENT
942 _n0
999 _c70501
_d70501